Pacific trade and development, II : Papers and proceedings of a conference held

Gorde:
Xehetasun bibliografikoak
Egile nagusia: Kiyoshi, Kojima
Formatua: Liburua
Hizkuntza:Undetermined
Argitaratua: Tokyo Japan Economic Research Center 1969
Etiketak: Etiketa erantsi
Etiketarik gabe, Izan zaitez lehena erregistro honi etiketa jartzen!
Thư viện lưu trữ: Trung tâm Học liệu Trường Đại học Cần Thơ
LEADER 00514nam a2200181Ia 4500
001 CTU_98040
008 210402s9999 xx 000 0 und d
082 |a 382.09 
082 |b K78 
100 |a Kiyoshi, Kojima 
245 0 |a Pacific trade and development, II : 
245 0 |b Papers and proceedings of a conference held 
245 0 |c Kiyoshi Kojima 
260 |a Tokyo 
260 |b Japan Economic Research Center 
260 |c 1969 
904 |i Giang 
980 |a Trung tâm Học liệu Trường Đại học Cần Thơ